Nomi dei calciatori - Quiz n°45 - Statistics

Statistiche generali
  • Questo quiz è stato fatto 37 volte
  • Il punteggio medio è 9 su 10
Statistiche sulle risposte
Hint Risposta % Corretto
Higuaín Gonzalo
97%
Giovinco Sebastian
97%
Fazio Federico
94%
Maguire Harry
88%
Biglia Lucas
88%
Krasić Miloš
88%
Kroos Toni
88%
Cucurella Marc
85%
Tolisso Corentin
76%
Kurzawa Layvin
67%
Nessun quiz corrispondente trovato
Distribuzione punteggi
Percentuale di utenti per punteggio
Percentile per numero di risposta
I tuoi punteggi nel tempo
Non hai fatto questo quiz